Statistics for Country states/provinces/subdivisions by clue

Click here to take the quiz!

General Stats

  • This quiz has been taken 22 times
  • The average score is 15 of 24

Answer Stats

HintAnswer% Correct
Northernmost U.S stateAlaska
95%
Southernmost U.S stateHawaii
95%
Largest german stateBavaria
90%
Geographical russian area which is known for its cold temperaturesSiberia
90%
U.S state where everything is biggerTexas
90%
Indonesian resort islandBali
85%
Where Newark airport of New York City liesNew Jersey
85%
Most populous canadian provinceOntario
80%
Chinese province with almost the same name as a neighbour countryInner Mongolia
75%
Southernmost australian stateTasmania
75%
Mexian state with the same name as a dog breedChihuahua
70%
Largest island of ChinaHainan
70%
"The sunshine state" of AustraliaQueensland
70%
Berlin is surrounded by this stateBrandenburg
55%
Northernmost indian provinceJammu and Kashmir
55%
Thai resort island provincePhuket
55%
Largest brazilian state (almost as big as Mongolia)Amazonas
50%
Fifth largest economy in the worldCalifornia
50%
Most populous chinese provinceGuangdong
45%
Indian hippie provinceGoa
40%
South Korean islandJeju
40%
The state where you can find Chichen ItzaYucatan
40%
The only remaining panda habitat lies in this chinese provinceSichuan
30%
Malaysian province, famous for its historical shipping portMalacca
15%

Score Distribution

Percentile by Number Answered

Percent of People with Each Score

Your Score History

You have not taken this quiz